02047cam a2200361 450000100060000000300470000600500170005301000260007002000170009607300180011310000410013110100080017210200070018010500180018718100190020518100240022418200100024818200200025820000500027821400220032821400170035021400220036721400140038921500200040321500100042332300150043333010140044842300260146268600710148870000260155970000400158580100600162514026http://catalogue.bnf.fr/ark:/12148/cb48608531620260226145306.0 a9782493307187d15 EUR aFRb02563626 0a9782493307187 a20250926d2025 m y0frey50 ba0 afre aFR a||||z 00|a| 0601ai bxxxe  602ctxt2rdacontent 0601an 602cn2rdamedia1 aStrokesbLIVRasuivi de Tentative d'évasion 0cQuartettdDL 2025 3cImpr. Pulsio 0a[Rosny-sous-Bois] 3a93-Pantin a1 vol. (111 p.) d18 cm aindéfini aDans « Strokes », Hakim Bah redonne voix à Amadou Diallo, jeune homme guinéen abattu de 41 balles par la police new-yorkaise en 1999. À travers une langue incandescente et fragmentée, le texte recompose les faits, les silences, les cris — ceux d’un fils exilé, d’une mère en deuil, d’un rêve américain troué de balles. Un poème dramatique puissant, hanté par la mémoire, l’exil et l’injustice. « Tentative d’évasion » se déroule à Buenos Aires, dans un centre de désintoxication où un jeune homme, à vif, cherche à se reconstruire. Enfermé dans sa colère, sa solitude, il parle pour tenir debout, pour repousser les murs, pour ne pas sombrer. Forme brute, saisissante, traversée de rage et de tendresse, elle dit l’urgence de s’échapper de soi-même. Deux textes. Deux trajectoires brisées. Deux cris. Deux textes comme deux détonations. Deux prises de parole nécessaires. Une écriture qui résiste, qui brûle, qui bouleverse. 0tTentative d'évasion a8022Cadre de classement de la Bibliographie nationale française aBahbHakimf1987-.... 316032288oISNI00000004634231234070 0aFRbFR-751131015c20250926gAFNORhFRBNF486085310000005